Tough Choices: History Edition Quiz Stats

Quiz Updated Oct 22, 2015

Challenge
Share
Tweet
Embed
Score 0/20 Timer 07:00
0 Plays Today
Column A (Type A if Higher) A or B? % Correct
People present in Leonardo da Vinci’s “The Last Supper”???
97.3%
Members of the U.S. Senate???
88.2%
People who boarded the Titanic???
87.6%
Branches of the U.S. government???
84.2%
Death toll from World War II (millions)???
81.3%
Age at death of Salvador Dalí???
80.4%
Length of the Hundred Years’ War (years)???
78.5%
Years served by longest-serving UK Prime Minister???
77.2%
Nobel Prizes awarded to Albert Einstein???
69.8%
Patents earned by Thomas Edison???
69.7%
Column A (Type A if Higher) A or B? % Correct
U.S. Presidents with terms entirely in the 19th century???
67%
Length of Vietnam War (years)???
62%
Years the Berlin Wall stood???
59.1%
Times MLK, Jr. said 'I have a dream' in his speech???
53.4%
Times Napoleon was exiled???
52.8%
Number of countries never invaded by the British???
51.3%
House of Tudor (English) monarchs???
51%
Signers of the Declaration of Independence???
50.5%
Number of men who have walked on the moon???
26.8%
Nations that produced over 10 million barrels of oil per day in 2012???
22.6%

You're not logged in!

Compare scores with friends on all Sporcle quizzes.
Join for Free
OR
Log In

You Might Also Like...

Show Comments

Extras

Top Quizzes Today


Score Distribution

Your Account Isn't Verified!

In order to create a playlist on Sporcle, you need to verify the email address you used during registration. Go to your Sporcle Settings to finish the process.

Report this User

Report this user for behavior that violates our Community Guidelines.

Details: